[Event "IECC O email"]
[Site "IECC email"]
[Date "2000.07.30"]
[Round "?"]
[White "Roger, Patrice"]
[Black "Gode, Peter Nagy"]
[Result "0-1"]
[WhiteElo "957"]
[BlackElo "1000"]
[PlyCount "20"]
[EventDate "2000.??.??"]
[EventType "tourn (corr)"]
[EventRounds "6"]
[SourceTitle "Corr 2008"]
[Source "ChessBase"]
[SourceDate "2008.06.24"]
[SourceVersion "1"]
[SourceVersionDate "2008.06.24"]
[SourceQuality "1"]

1. e4 e5 2. Nf3 Nc6 3. Nc3 Nf6 4. Bc4 Nxe4 5. Nxe4 d5 6. Bxd5 Qxd5 7. Qe2 Bg4 8. 0-0 Nd4 9. c4 Nxe2+ 10. Kh1 Qxe4 0-1